LEADER 03881nam 22006372 450 001 9911006648003321 005 20151005020621.0 010 $a0-511-22830-9 010 $a1-107-15919-9 010 $a1-280-70294-X 010 $a9786610702947 010 $a0-511-23078-8 010 $a0-511-22916-X 010 $a0-511-23155-5 010 $a0-511-31674-7 010 $a0-511-54712-9 010 $a0-511-23000-1 035 $a(CKB)1000000000353731 035 $a(EBL)275183 035 $a(OCoLC)171139650 035 $a(SSID)ssj0000160937 035 $a(PQKBManifestationID)11177577 035 $a(PQKBTitleCode)TC0000160937 035 $a(PQKBWorkID)10190709 035 $a(PQKB)11138850 035 $a(UkCbUP)CR9780511547126 035 $a(MiAaPQ)EBC275183 035 $a(PPN)261352652 035 $a(EXLCZ)991000000000353731 100 $a20090508d2004|||| uy| 0 101 0 $aeng 135 $aur||||||||||| 181 $ctxt$2rdacontent 182 $cc$2rdamedia 183 $acr$2rdacarrier 200 10$aGear geometry and applied theory /$fFaydor L. Litvin, Alfonso Fuentes 205 $aSecond edition. 210 1$aCambridge :$cCambridge University Press,$d2004. 215 $a1 online resource (xvi, 800 pages) $cdigital, PDF file(s) 300 $aTitle from publisher's bibliographic system (viewed on 05 Oct 2015). 311 08$a0-521-81517-7 320 $aIncludes bibliographical references (p. 789-793) and index. 327 $a1. Coordinate transformation -- 2. Relative velocity -- 3. Centrodes, axodes, operating pitch surfaces -- 4. Planar curves -- 5. Surfaces -- 6. Conjugated surfaces and curves -- 7. Curvatures of surfaces and Curves -- 8. Mating surfaces: curvature relations, contact ellipse -- 9. Computerized simulation of meshing and contact -- 10. Spur involute gears -- 11. Internal involute gears -- 12. Noncircular gears -- 13. Cycloidal gearing -- 14. Involute helical gears with parallel axes -- 15. Modified involute gears -- 16. Involute Helical gears with crossed axes -- 17. New version of Novikov-Wildhaber helical gears -- 18. Face-gear drives -- 19. Worm-gear Drives with cylindrical worms -- 20. Double-enveloping worm-gear drives -- 21. Spiral bevel gears -- 22. Hypoid gear drives -- 23. Planetary gear trains -- 24. Generation of helicoids -- 25. Design of flyblades -- 26. Generation of surfaces by CNC machines -- 27. Overwire (Ball) measurement -- 28. Minimization of deviations of gear real tooth surfaces. 330 $aThis revised, expanded, edition covers the theory, design, geometry and manufacture of all types of gears and gear drives. This is an invaluable reference for designers, theoreticians, students, and manufacturers. This edition includes advances in gear theory, gear manufacturing, and computer simulation. Among the new topics are: 1. New geometry for modified spur and helical gears, face-gear drives, and cycloidal pumps. 2. New design approaches for one stage planetary gear trains and spiral bevel gear drives. 3. An enhanced approach for stress analysis of gear drives with FEM. 4. New methods of grinding face gear drives, generating double crowned pinions, and improved helical gear shaving. 5. Broad application of simulation of meshing and TCA. 6. New theories on the simulation of meshing for multi-body systems, detection of cases wherein the contact line on generating surfaces may have its own envelope, and detection and avoidance of singularities of generated surfaces. 517 3 $aGear Geometry & Applied Theory 606 $aGearing 615 0$aGearing. 676 $a621.8/33 700 $aLitvin$b F. L$g(Faydor L.),$01396861 702 $aFuentes$b Alfonso 801 0$bUkCbUP 801 1$bUkCbUP 906 $aBOOK 912 $a9911006648003321 996 $aGear geometry and applied theory$94393120 997 $aUNINA